000 00797nam a22002297a 4500
003 LK-CoMWRAF
005 20231213112437.0
008 231213b2001 |||||||| |||| 00| 0 eng d
020 _a9555820856
040 _aLK-CoMWRAF
_dLK-CoMWRAF
_eLK-CoMWRAF
041 _aeng
082 _a305.8
_bSUM
100 _aSumathy, S.
130 _aA history of ethnic conflict in Sri Lanka: recollection, reinterpretation & reconciliation
245 _aMilitants, militarism, and the crisis of (Tamil) nationalism
260 _aColombo:
_bMarga Institute,
_c2001
300 _a35 p. ; 23 cm
_bBibliography included
490 _aMarga monograph series on ethnic reconciliation
_v no. 22
650 _aNationalism- Sri Lanka
650 _aTamil (Indic people)- Sri Lanka- Ethnic identity
942 _cBK
999 _c4397
_d4397